| 000 | 00912cam a22002771 4500 | ||
|---|---|---|---|
| 001 | 10133922 | ||
| 003 | ARRUPE | ||
| 005 | 20141002143136.0 | ||
| 008 | 750708s1923 enk 000 0 eng | ||
| 010 | _a 24002332 | ||
| 035 | _a(OCoLC)1434370 | ||
| 040 |
_aDLC _cFJ _dOCoLC _dDLC |
||
| 042 | _apremarc | ||
| 050 | 0 | 0 |
_aBL603 _b.F26 |
| 100 | 1 |
_aFarbridge, Maurice Harry, _d1896- _911964 |
|
| 245 | 1 | 0 |
_aStudies in Biblical and Semitic symbolism, _cby Maurice H. Farbridge ... |
| 260 |
_aLondon, _bK. Paul, Trench, Trubner & Co., ltd.; _aNew York, _bE.P. Dutton & Co., _c1923. |
||
| 300 |
_axiv p., 1 l., 288 p. _c21 cm. |
||
| 440 | 0 |
_aTrübner's oriental series _911965 |
|
| 650 | 0 |
_aSymbolism. _911966 |
|
| 650 | 0 |
_aJudaism. _97715 |
|
| 650 | 0 |
_aAnimal worship. _911967 |
|
| 650 | 0 |
_aFuneral rites and ceremonies. _911968 |
|
| 906 |
_a7 _bcbc _coclcrpl _du _encip _f19 _gy-gencatlg |
||
| 942 |
_2lcc _cMONOGRAPH |
||
| 999 |
_c121044 _d121044 |
||